| 000 | 00983nac a22003257a 4500 | ||
|---|---|---|---|
| 001 | BR0103363 | ||
| 003 | BR-BrBNA | ||
| 005 | 20240105122604.0 | ||
| 008 | 230509b bl.|||m| |||| 00| 0 por d | ||
| 040 |
_aBR-BrBNA _bpor _cBiblioteca Nacional de Agricultura |
||
| 072 | _aF01 | ||
| 090 | _a2120 BR0103363 | ||
| 100 | 1 | _aTrento, E.J. | |
| 100 | 1 | _aMolin, R.N.D. | |
| 100 | 1 | _aDemoner, C.A. | |
| 100 | 1 | _aHaas, I. | |
| 100 | 1 | _aMenoli Sobrinho, N. | |
| 100 | 1 | _aOliveira, K.G. de | |
| 100 | 1 | _aFigueiredo, R. | |
| 110 | 1 | _aEmpresa Paranaense de Assistencia Tecnica e Extensao Rural, Curitiba (Brasil) | |
| 245 | 1 | _aPodas do cafeeiro | |
| 260 | 3 |
_aCuritiba, PR (Brasil): _c2000. |
|
| 300 | _a19 p. | ||
| 490 |
_aInformacao Tecnica - Empresa Paranaense de Assistencia Tecnica e Extensao Rural (Brazil) _vno. 53 _x |
||
| 500 | _a10 ref.; 17 illus. | ||
| 650 | _aCafe | ||
| 650 | _aPoda | ||
| 909 |
_a202312 _bLúcia Elande _c55 _dLúcia Elande |
||
| 942 |
_2AGRIS _n0 _cMS |
||
| 999 |
_c291805 _d291805 |
||